[Event "Fortaleza Saboya op"]
[Site "Fortaleza"]
[Date "2014.04.27"]
[Round "1"]
[White "Barreto, Ignacio C de Barro"]
[Black "Brandao, Marcius Gomes"]
[Result "1-0"]
[WhiteElo "2238"]
[BlackElo "2060"]
[PlyCount "57"]
[EventDate "2014.04.27"]
[EventType "swiss"]
[EventRounds "7"]
[EventCountry "BRA"]
[SourceTitle "CBM 160 Extra"]
[Source "ChessBase"]
[SourceDate "2014.07.01"]
[SourceVersion "1"]
[SourceVersionDate "2014.07.01"]
[SourceQuality "1"]

1. Nf3 Nf6 2. c4 c5 3. Nc3 Nc6 4. e3 e6 5. d4 d5 6. cxd5 exd5 7. Be2 cxd4 8. Nxd4 Bd6 9. 0-0 0-0 10. a3 Re8 11. Ncb5 Bb8 12. b4 Ne5 13. Nf3 a6 14. Nxe5 Rxe5 15. Nd4 Qd6 16. f4 Re7 17. Qd3 Ba7 18. Bb2 Bd7 19. Rae1 Rae8 20. Bf3 Qb6 21. Rf2 Ne4 22. Rc2 f6 23. Nb3 Qb5 24. Qd1 Be6 25. Bd4 b6 26. Bb2 Bf7 27. Nd4 Qa4 28. Qc1 Nd6 29. Rc6 1-0

[Event "Fortaleza op"]
[Site "Fortaleza"]
[Date "2010.06.06"]
[Round "7"]
[White "Torres, Douglas da Silva"]
[Black "Barreto, Ignacio C de Barro"]
[Result "1-0"]
[WhiteElo "2084"]
[BlackElo "2262"]
[PlyCount "73"]
[EventDate "2010.06.03"]
[EventType "swiss"]
[EventRounds "7"]
[EventCountry "BRA"]
[SourceTitle "CBM 136 Extra"]
[Source "ChessBase"]
[SourceDate "2010.07.02"]
[SourceVersion "2"]
[SourceVersionDate "2010.07.15"]
[SourceQuality "1"]

1. c4 Nc6 2. Nc3 Nf6 3. g3 e5 4. Bg2 g6 5. Nf3 Bg7 6. 0-0 d6 7. d3 0-0 8. Rb1 h6 9. b4 Nh5 10. b5 Ne7 11. Nd2 f5 12. e3 Nf6 13. a4 g5 14. Ba3 Rf7 15. Qb3 Bf8 16. a5 a6 17. Qa4 axb5 18. cxb5 Ra7 19. Nc4 Ng6 20. Nd5 Be6 21. Nxc7 Rxc7 22. b6 Rxc4 23. dxc4 Ra6 24. Bxb7 Bc8 25. Bxa6 Bxa6 26. Qc6 Qd7 27. Qxd7 Nxd7 28. Rfd1 Kf7 29. Bxd6 Ke6 30. Bxf8 Ngxf8 31. b7 Nb8 32. c5 Nfd7 33. Rd6+ Ke7 34. Rxh6 Nxc5 35. Rc1 Nxb7 36. Rb1 Kd7 37. Rxa6 1-0

[Event "Fortaleza op"]
[Site "Fortaleza"]
[Date "2010.06.04"]
[Round "2"]
[White "Monte, Edmar Ferreira"]
[Black "Barreto, Ignacio C de Barro"]
[Result "0-1"]
[WhiteElo "1765"]
[BlackElo "2262"]
[PlyCount "74"]
[EventDate "2010.06.03"]
[EventType "swiss"]
[EventRounds "7"]
[EventCountry "BRA"]
[SourceTitle "CBM 136 Extra"]
[Source "ChessBase"]
[SourceDate "2010.07.02"]
[SourceVersion "2"]
[SourceVersionDate "2010.07.15"]
[SourceQuality "1"]

1. c4 f5 2. g3 Nf6 3. Bg2 g6 4. Nf3 Bg7 5. 0-0 0-0 6. d4 d6 7. Nc3 Nc6 8. Rb1 e5 9. dxe5 dxe5 10. Bg5 e4 11. Ne1 Be6 12. Nd5 Bxd5 13. Bxf6 Rxf6 14. cxd5 Rd6 15. Qb3 Na5 16. Qb4 Rxd5 17. Nc2 Qd6 18. Qa4 Qd7 19. Qb4 Bf8 20. Qe1 Nc4 21. Nb4 Bxb4 22. Qxb4 Nd2 23. Qxb7 Rd8 24. Rbc1 Nxf1 25. Rxc7 Rd1 26. Bxf1 Qd4 27. Rxh7 Rd7 28. Rxd7 Qxd7 29. Qb8+ Kg7 30. Qe5+ Kh7 31. h4 Qd6 32. Qa5 a6 33. Kg2 Rc1 34. e3 Qd1 35. Qxa6 Qf3+ 36. Kg1 Rc2 37. Qa7+ Kh6 0-1

[Event "Vitoria op 1st"]
[Site "Vitoria"]
[Date "2006.09.09"]
[Round "6"]
[White "Barreto, Ignacio C de Barro"]
[Black "Hernandez, Gustavo"]
[Result "0-1"]
[WhiteElo "2202"]
[BlackElo "2329"]
[PlyCount "50"]
[EventDate "2006.09.07"]
[EventType "swiss"]
[EventRounds "7"]
[EventCountry "BRA"]
[SourceTitle "CBM 114 Extra"]
[Source "ChessBase"]
[SourceDate "2006.11.03"]
[SourceVersion "1"]
[SourceVersionDate "2006.11.03"]
[SourceQuality "1"]

1. d4 Nf6 2. Bg5 Ne4 3. Bf4 d5 4. e3 Bf5 5. Bd3 e6 6. f3 Nd6 7. g4 Bg6 8. h4 c5 9. Bxd6 Bxd6 10. Bb5+ Ke7 11. h5 Qb6 12. Nc3 a6 13. hxg6 axb5 14. gxh7 Nd7 15. a4 bxa4 16. Rxa4 Rac8 17. Ra2 Nf8 18. Nge2 Nxh7 19. dxc5 Qxc5 20. Nd4 Ng5 21. Kd2 Be5 22. Nce2 Nxf3+ 23. Kc1 Bxd4 24. exd4 Qxc2+ 25. Qxc2 Rxh1+ 0-1